000 01167nac a22003497a 4500
001 BR7304128
003 BR-BrBNA
005 20240105113519.0
008 230509b bl.|||m| |||| 00| 0 por d
040 _aBR-BrBNA
_bpor
_cBiblioteca Nacional de Agricultura
072 _aF00
090 _a1840 BR7304128
100 1 _aPassos, F.A.
100 1 _aMaeda, J.A.
100 1 _aBernardi, J.B.
110 1 _aInstituto Agronomico, Campinas, SP (Brasil)
111 1 _a16. Congresso da Sociedade de Olericultura do Brasil
_cLavras, MG (Brazil)
_d25 Jul 1976
245 1 _aInfluencia da cor e do tamanho no vigor de sementes de quiabo, 1: Testes de campo [Hibiscus esculentus L.; Campinas; Sao Paulo; Brasil]
260 3 _aCampinas, SP (Brasil):
_c1976.
300 _a12 p.
490 _aCircular - Instituto Agronomico (Brazil)
_vno. 55
_x
500 _a5 ref.; Summary (En); Received 4 Aug 1976
650 _aProducao vegetal
650 _aQuiabo
650 _aSemente
650 _aPoder germinativo
650 _aSemeadura
650 _aCampinas
650 _aSao Paulo
909 _a202312
_bLúcia Elande
_c55
_dLúcia Elande
942 _2AGRIS
_n0
_cMS
999 _c264167
_d264167